|
|
|
|
| LEADER |
01823cam a2200493 a 4500 |
| 001 |
nkc20102157795 |
| 003 |
CZ PrNK |
| 005 |
20110603092203.0 |
| 007 |
ta |
| 008 |
101126s2010 xr a e p 000 0 cze d |
| 015 |
|
|
|a cnb002157795
|
| 020 |
|
|
|a 978-80-86929-61-3
|q (brož.)
|
| 035 |
|
|
|a (OCoLC)730406543
|
| 040 |
|
|
|a KLG001
|b cze
|d BOA001
|d OLA001
|d ABA001
|
| 041 |
0 |
|
|a cze
|a ger
|
| 072 |
|
7 |
|a 811.112.2
|x Němčina
|2 Konspekt
|9 11
|
| 072 |
|
7 |
|a 37.016
|x Učební osnovy. Vyučovací předměty. Učebnice
|2 Konspekt
|9 22
|
| 080 |
|
|
|a 811.112.2
|2 MRF
|
| 080 |
|
|
|a 339
|2 MRF
|
| 080 |
|
|
|a 81'373.46
|2 MRF
|
| 080 |
|
|
|a (075)
|2 MRF
|
| 100 |
1 |
|
|a Höppnerová, Věra,
|d 1937-
|7 jk01041974
|4 aut
|
| 245 |
1 |
0 |
|a Obchodujeme německy /
|c Věra Höppnerová, Jarmila Matěnová, Zuzana Gelnarová
|
| 250 |
|
|
|a 4. vyd.
|
| 260 |
|
|
|a Praha :
|b Ekopress,
|c 2010
|
| 300 |
|
|
|a 308 s. :
|b il. ;
|c 21 cm +
|e 1 CD
|
| 500 |
|
|
|a Učebnice je napsána podle nových pravidel německého pravopisu z r. 1996
|
| 500 |
|
|
|a Německo-český slovník
|
| 650 |
0 |
7 |
|a němčina
|7 ph115512
|2 czenas
|
| 650 |
0 |
7 |
|a obchod
|7 ph115513
|2 czenas
|
| 650 |
0 |
7 |
|a oborová terminologie
|7 ph138998
|2 czenas
|
| 650 |
0 |
9 |
|a German language
|2 eczenas
|
| 650 |
0 |
9 |
|a commerce
|2 eczenas
|
| 650 |
0 |
9 |
|a terminology (professional)
|2 eczenas
|
| 655 |
|
7 |
|a učebnice
|7 fd133770
|2 czenas
|
| 655 |
|
9 |
|a textbooks
|2 eczenas
|
| 700 |
1 |
|
|a Matěnová, Jarmila
|7 mzk2006322887
|4 aut
|
| 700 |
1 |
|
|a Gelnarová, Zuzana,
|d 1955-
|7 xx0032857
|4 aut
|
| 856 |
4 |
1 |
|u http://www.digitalniknihovna.cz/mzk/uuid/uuid:b2b870d0-909c-11e8-87bd-005056827e52
|y Digitalizovaný dokument
|x NDK
|
| 910 |
2 |
|
|a BOA001
|b 2-1265.340
|
| 990 |
|
|
|a BK
|
| 995 |
|
|
|a 01
|
| 991 |
|
|
|b 201105
|c NOV
|e n
|
| 996 |
6 |
|
|b 2610476181
|c 2-1265.340
|l MZK
|r Sklad / do 1 hodiny
|n 0
|p p.v.
|w 001175938
|u 000010
|a 1
|e BOA001
|j MZK50
|s P
|